01013nam a2200229 i 450000100060000000300090000600500170001500700030003200800410003508000300007624502320010625000140033826000350035230000220038749000550040965000440046470000350050883000650054385200320060899900170064095201260065782613ES-MaACL20250827095307.0t|041111s1961 sp ||||1| spa d a351.713:336.215.2(46)"19"00aImpuesto industrial y tarifas de licencia fiscal b: disposiciones concordadas, anotadas con la jurisprudencia del Tribunal Supremo / por Francisco Pan Montojo..., colaborando con la redacción de la Revista de los Tribunales. aNueva ed. aMadrid : bGóngora, c[1961] a944 p. ; c16 cm.1 aBiblioteca de bolsillo. Códigos y leyes anotados 4aImpuesto industrial-zEspaña.91538891 aPan Montojo, Francisco.98874100aBiblioteca de bolsillo. pCódigos y leyes anotados9182122 aES-MaACLjC-22690 bR.50326 c82613d82613 00104070aATENEOMbATENEOMcGaleríad2008-01-17eSCl0oC-22690p1086339r2023-02-23 00:00:00w2023-02-23yMONOGRAFIA